Planets with a Map Quiz - Statistics

General Stats
  • This quiz has been taken 1,674 times
    1,660 since last reset
  • The average score is 8 of 8
Answers on the Map
Answers color-coded by a green-red scale on the quiz's map according to % correct below.
 
Answer Stats
Answer % Correct
Earth
100%
Jupiter
99%
Mars
99%
Saturn
99%
Mercury
98%
Uranus
98%
Venus
98%
Neptune
97%
No matching quizzes found
Score Distribution
Percent of People with Each Score
Percentile by Number Answered
Your Score History
You have not taken this quiz since the last reset